000 00450cam a2200181ua 4500
001 1480
008 110712n xxu |||gr||||Z||||||eng
040 _cMAIN
082 _a330
100 _aMarshal, Alfred,
_eAuthor.
245 1 _aEconomics of industry
_cby Alfred Marshall
250 _a3rd.
260 _aNew York:
_bMacmillan & Co. Ltd.,964.
300 _axiv; 440p:9cm.
653 _aEconomics
653 _aeconomics of industry
942 _cBK
999 _c1369
_d1369